Návrh planétovej prevodovky pre pohon zadnej nápravy elektrického vozidla s využitím softvérového prostredia KISSsys

Gespeichert in:
Bibliographische Detailangaben
1. Verfasser: Urblík, Tomáš (Verfasst von)
Weitere Verfasser: Milesich, Tomáš (Betreuung Doktorarbeit)
Format: Manuskript Buch
Sprache:Slowakisch
Veröffentlicht: 2024
Schlagworte:
Online-Zugang:http://is.stuba.sk/zp/portal_zp.pl?podrobnosti=179183
Tags: Tag hinzufügen
Keine Tags, Fügen Sie das erste Tag hinzu!

MARC

LEADER 00000ntm a22000003a 4500
001 stuzp100589
003 SK-STU
005 20250225101328.2
007 ta
008 150427s2015----xo-----f-mn---000-0-slo-d
040 |a STU  |b slo 
041 0 |a slo 
100 1 |a Urblík, Tomáš  |u 020030  |4 aut  |U SjF Strojnícka fakulta  |T SjF Ústav automobilového inžinierstva a konštruovania  |X 104002  |U J0030  |Y 806  |7 104002 
242 0 1 |a Design of planetary gearbox for all wheel drive electric vehicle using KISSsys software  |y eng 
245 1 0 |a Návrh planétovej prevodovky pre pohon zadnej nápravy elektrického vozidla s využitím softvérového prostredia KISSsys 
260 |c 2024 
650 4 |a účinnosť  |2 slo 
650 4 |a KISSsys  |2 slo 
650 4 |a planétový mechanizmus  |2 slo 
650 4 |a ozubenie  |2 slo 
650 4 |a prevodový pomer  |2 slo 
650 4 |a KISSsys  |2 eng 
650 4 |a planetary gear set  |2 eng 
650 4 |a gear ratio  |2 eng 
650 4 |a efficiency  |2 eng 
650 4 |a gearing  |2 eng 
700 1 |a Milesich, Tomáš  |u 020030  |k Z1  |4 ths  |U SjF Strojnícka fakulta  |T SjF Ústav automobilového inžinierstva a konštruovania  |X 49630  |U J0030  |Y 806  |7 A000049630 
856 4 |u http://is.stuba.sk/zp/portal_zp.pl?podrobnosti=179183 
996 |b 284J047699  |c J* 3795/DDP  |l JJSK  |s A  |a 24  |w stuzp100589_0001